| 000 | 05028namaa22004211i 4500 | ||
|---|---|---|---|
| 003 | OSt | ||
| 005 | 20260506104238.0 | ||
| 008 | 250827s2025 ua a|||frm||| 000 0 eng d | ||
| 040 |
_aEG-GICUC _bara _cEG-GICUC _dEG-GICUC _erda |
||
| 041 | 0 |
_aara _bara _beng |
|
| 049 | _aإيداع | ||
| 082 | 0 | 4 | _a305.42 |
| 092 |
_a305.42 _221 |
||
| 097 | _aدكتوراه | ||
| 099 | _aCai01.02.01.Ph.D.2025.نو.ص | ||
| 100 | 0 |
_a،نورهان حسن محمد علي حسين _eإعداد. |
|
| 245 | 1 | 2 |
_aالصورة الذهنية عن المرأة المصرية والأمريكية وثقافة المشاركة في المجال العام : _bدراسة تحليلية مقارنة / _cإعداد نورهان حسن محمد علي حسين؛ إشراف أ.د/ أحمد مجدي حجازي، أ.د/ هناء محمد الجوهري. |
| 246 | 1 | 5 |
_aThe stereotype of egyptian and american women and culture of participation in the public sphere : _bA comparative analytical study / |
| 264 | 0 | _c2025. | |
| 300 |
_a308 صفحة : _bإيضاحيات ؛ _c25 سم. + _eCD. |
||
| 336 |
_atext _2rda content |
||
| 337 |
_aUnmediated _2rdamedia |
||
| 338 |
_avolume _2rdacarrier |
||
| 502 | _aأطروحة (دكتوراه)-جامعة القاهرة، 2025. | ||
| 504 | _aببليوجرافيا: صفحات 263-277. | ||
| 520 | _aتبلورت مشكلة الدراسة في البحث عن "الصورة الذهنية عن المرأة المصرية والأمريكية وثقافة المشاركة في المجال العام" من منظور تحليلي مقارن، حيث سعت إلى فهم كيفية تشكل هذه الصورة من وجهة نظر المرأة لذاتها ونظرة الرجل لها، وتأثير العوامل الثقافية، الاجتماعية، التعليمية، الإعلامية، الدينية، والاقتصادية على مشاركتها في المجال العام وفقًا لاختلاف السياقات بين المجتمعين المصري والأمريكي. وقد اعتمدت الباحثة على المنهج الوصفي والمقارن، مستخدمةً استمارة استبيان قائمة على مقياس ليكرت الثلاثي، إضافة إلى مقابلات متعمقة. شملت العينة العمدية 239 فردا، بواقع (119 فردًا من المجتمع المصري و120 من المجتمع الأمريكي)، مع مراعاة التوازن بين الجنسين ضمن الفئة العمرية (18-65 عامًا) لتحليل الفروقات في التصورات. كما أجرت الباحثة مقابلات متعمقة مع (19 فردا). شملت هذه العينة 7 أفراد من خلفية ثقافية مزدوجة (مصرية-أمريكية)، و12 فردا من (خلفية أمريكية بحتة)، مما أضفي بُعدًا نوعيًا مهمًا عزز نتائج التحليل وعمّق الفهم الثقافي المتبادل. | ||
| 520 | _aThe problem of the study crystallized in the search for: "The Stereotype of Egyptian and American Women and Culture of Participation in the Public Sphere" from a comparative analytical perspective. The study aimed to understand how this image is formed from the woman's self-view and the man's view of her, as well as the impact of cultural, social, educational, media, religious, and economic factors on her participation in the public sphere, according to the differing contexts between Egyptian and American societies.The researcher relied on a Descriptive Analytical approach, using a questionnaire based on a three-point Likert scale, in addition to in-depth interviews. The purposive sample included 239 individuals, with 119 from The Egyptian society and 120 from The American society, ensuring gender balance within the age range of 18-65 years to analyze differences in perceptions. The researcher also conducted in-depth interviews with 19 participants, including (7 with a Dual Cultural Background) "Egyptian-American" and (12 with a Purely American background), which added an important qualitative dimension that enriched the analysis and deepened mutual cultural understanding. | ||
| 530 | _aصدر أيضًا كقرص مدمج. | ||
| 546 | _aالنص بالعربية والملخص باللغة الإنجليزية والعربية. | ||
| 650 | 7 |
_aالمرأة فى الحياة العامة _2qrmak |
|
| 653 | 0 |
_aالصورة الذهنية _aالصورة النمطية _aالمرأة |
|
| 700 | 0 |
_aأحمد مجدي حجازي _eمشرف أطروحة. |
|
| 700 | 0 |
_aهناء محمد الجوهري _eمشرف أطروحة. |
|
| 900 |
_b19-05-2025 _cأحمد مجدي حجازي _cهناء محمد الجوهري _dهويدا سيد مصطفى _dصالح سليمان عبد العظيم سليمان _Uجامعة القاهرة _Fكلية الآداب _Dقسم علم الاجتماع |
||
| 905 |
_aSara _eAfaf |
||
| 942 |
_2ddc _cTH _e21 _n0 |
||
| 999 | _c179845 | ||